01364cam a2200349 i 45000010008000000030009000080050017000170080041000340200015000750200018000900350020001080400042001280430012001700820023001821000034002052450088002392640074003273000057004013360026004583370028004843380027005124900050005395040051005896000056006406510039006966510044007356530022007796550017008019420012008189990017008309520167008471618485EG-ScBUE20240609103137.0960306s1997 enkbf f b 001 0deng d a1860640680 a9781860640681 a(OCoLC)36716962 aIDeKNbengerdacIDeKNdDLCdEG-ScBUE af-mw---04a968.97041bBAK2221 aBaker, Colin,d1929-eauthor.10aState of emergency :bcrisis in Central Africa, Nyasaland 1959-1960 /cColin Baker. 1aLondon ;a New York :bTauris Academic Studies / I. B. Tauris,c1997. aix, 299 pages, [6] pages of plates :bmaps ;c23 cm. 2rdacontentatextbtxt aunmediated2rdamediabn avolumebnc2rdacarrier0 aInternational library of African studies ;v7 aIncludes bibliographical references and index.17aBanda, H. Kamuzuq(Hastings Kamuzu),d-1997.2BUEsh 7aMalawixHistoryy1953-1964.2BUEsh 7aMalawixPolitics and government.2BUEsh bBUSBOLcMarch2017 vReading book 2ddccBB c24486d24458 00102ddc40708AUCaMAINbMAINc2NDd2017-03-20ePurchaseg120.00h1700l1m8o968.97041 BAKp000045867r2025-07-15 00:00:00s2018-03-01v150.00w2017-03-20yBB